000 00297 a2200133 4500
003 Nust
005 20170207153501.0
020 _a0864423217
040 _cNust
082 _a954
100 _aFinlay , Hugh
245 _aIndia
_bA Lonely Planet Travel urvival Kitqq
_cHugh FinlAY
260 _a India
_bindia
300 _a1134:p
999 _c187341
_d187341